[Event "PNWCC vs Europe Hybrid 08"]
[Site "Chess.com INT"]
[Date "2022.08.20"]
[Round "3"]
[White "Dzangov, Aleksandar"]
[Black "Wang, Ted"]
[Result "1/2-1/2"]
[WhiteElo "2011"]
[BlackElo "1565"]
[PlyCount "99"]
[EventDate "2022.08.19"]
[EventType "team-match"]
[EventRounds "8"]
[EventCountry "USA"]
[SourceTitle "EXT 2024"]
[Source "ChessBase"]
[SourceDate "2023.10.10"]
[SourceVersion "1"]
[SourceVersionDate "2023.10.10"]
[SourceQuality "1"]
[WhiteTeam "Europe"]
[BlackTeam "PNWCC"]
[BlackTeamCountry "USA"]

1. c4 Nf6 2. Nc3 g6 3. g3 Bg7 4. Bg2 0-0 5. d4 d6 6. e4 Nbd7 7. Nge2 e5 8. d5 a5 9. h3 Nc5 10. Be3 Bd7 11. Qd2 a4 12. 0-0 c6 13. dxc6 Bxc6 14. Qc2 Qa5 15. Rfd1 Rfd8 16. Rab1 Na6 17. b4 axb3 18. axb3 Nb4 19. Qb2 Qc7 20. Rbc1 Qe7 21. Rd2 Bf8 22. Rcd1 h6 23. Nc1 Rd7 24. Nd3 Nxd3 25. Rxd3 Qe6 26. Nd5 Bxd5 27. exd5 Qe8 28. b4 Bg7 29. Ra3 Rdd8 30. c5 Rxa3 31. Qxa3 Ra8 32. Qb3 Qe7 33. c6 Qc7 34. b5 b6 35. Qb2 Bf8 36. Ra1 Rxa1+ 37. Qxa1 Be7 38. Bxh6 Bd8 39. Qa8 Ne8 40. Be3 Kg7 41. h4 Nf6 42. Bg5 Qe7 43. Qc8 Qc7 44. Qa8 Kh7 45. Bh3 Kg7 46. Bd7 Be7 47. Qb7 Bd8 48. Qc8 Qxc8 49. Bxc8 Bc7 50. Bxf6+ 1/2-1/2

[Event "Stara Zagora Trayana Spring"]
[Site "Stara Zagora"]
[Date "2021.03.20"]
[Round "3"]
[White "Dzangov, Aleksandar"]
[Black "Danov, Lyubomir"]
[Result "0-1"]
[WhiteElo "2114"]
[BlackElo "2426"]
[PlyCount "76"]
[EventDate "2021.03.20"]
[EventType "swiss"]
[EventRounds "7"]
[EventCountry "BUL"]
[SourceTitle "EXT 2022"]
[Source "ChessBase"]
[SourceDate "2021.10.06"]
[SourceVersion "1"]
[SourceVersionDate "2021.10.06"]
[SourceQuality "1"]

1. c4 e5 2. Nc3 Nc6 3. g3 Bc5 4. Bg2 d6 5. a3 a6 6. e3 Nge7 7. Nge2 Ba7 8. d4 exd4 9. exd4 Nf5 10. Be3 0-0 11. Qd3 Nxe3 12. fxe3 Ne7 13. 0-0 c6 14. b4 Be6 15. Nf4 Bf5 16. Be4 Qd7 17. Nh5 Bg6 18. Nf4 Bxe4 19. Qxe4 Rae8 20. Nh5 Ng6 21. Qd3 Qg4 22. Nf4 Re7 23. Rae1 Rfe8 24. c5 d5 25. Ng2 Bb8 26. Qf5 Qxf5 27. Rxf5 Nf8 28. a4 Ne6 29. Rb1 g6 30. Rff1 Ng5 31. b5 axb5 32. axb5 Bc7 33. Kf2 Ba5 34. Ne2 Ne4+ 35. Kg1 Nd2 36. b6 Nxf1 37. Kxf1 Bd2 38. Kf2 Bxe3+ 0-1